[Event "Druzynowe Mistrzostwa Polski Seniorow - II Liga"]
[Site "Szczyrk, CKiR Orle Gniazdo ul. Wrzosowa 28a "]
[Date "1899-12-30"]
[Round "1.96"]
[White "Waszczuk, Patrycja"]
[Black "Palka, Dominika"]
[Result "1-0"]
[WhiteTitle "I"]
[BlackTitle "I"]
[WhiteElo "1565"]
[BlackElo "1775"]

1. e4 e5 2. Nf3 Nc6 3. Bc4 Nf6 4. d3 h6 5. c3 d6 6. Nbd2 g6 7. O-O Bg7 8. d4 exd4
9. cxd4 O-O 10. d5 Ne7 11. Qb3 Nd7 12. Re1 f5 13. Qc2 fxe4 14. Qxe4 Rf7 15. Nb3
Nf6 16. Qd3 Bf5 17. Qd1 Bg4 18. h3 Bxf3 19. Qxf3 Qd7 20. Qd3 a6 21. Na5 b5 22.
Bb3 Qf5 23. Qxf5 gxf5 24. Rd1 Ne4 25. a4 Nc5 26. Bc2 f4 27. Ra3 Re8 28. axb5 axb5
29. b4 Na6 30. Rb3 f3 31. gxf3 Be5 32. Bxh6 Kh8 33. Kh1 Nf5 34. Bxf5 Rxf5 35.
h4 Bf4 36. Bxf4 Rxf4 37. Nc6 Rg8 38. Rd4 Rf7 39. Rg4 Rh7 40. Kg2 Rxh4 41. Kg3
Rh5 42. Rxg8+ Kxg8 43. Ra3 Nc5 44. bxc5 dxc5 45. Ra5 b4 46. Rxc5 b3 47. Rb5 Kf7
48. Kg4 1-0

[Event "Druzynowe Mistrzostwa Polski Seniorow - II Liga"]
[Site "Szczyrk, CKiR Orle Gniazdo ul. Wrzosowa 28a "]
[Date "1899-12-30"]
[Round "1.97"]
[White "Gierulski, Kamil"]
[Black "Licznerski, Lukasz"]
[Result "1-0"]
[WhiteTitle "I++"]
[BlackTitle "FM"]
[WhiteElo "2023"]
[BlackElo "2360"]

1. d4 Nf6 2. c4 e5 3. dxe5 Ng4 4. e3 Nxe5 5. Nh3 g6 6. Nf4 Bg7 7. Be2 d6 8. O-O
O-O 9. Nc3 Nbd7 10. Qd2 a5 11. b3 Nc5 12. Ba3 b6 13. Rad1 Bd7 14. Nfd5 Re8 15.
h3 f5 16. Qc2 Nf7 17. Rfe1 c6 18. Nf4 Qe7 19. Bb2 Be5 20. Nd3 Nxd3 21. Bxd3 Rab8
22. Be2 Qh4 23. Bf1 Ng5 24. Ne2 Ne4 25. Nd4 Nxf2 26. Nf3 Qg3 27. Bxe5 Nxh3+ 28.
Kh1 Rxe5 29. Nxe5 Nf2+ 30. Kg1 Nxd1 31. Nf3 Nxe3 32. Rxe3 Re8 33. Qe2 Kf8 34.
Rxe8+ Bxe8 35. Qb2 Kg8 36. Qf6 Qf4 37. Qe7 Bf7 38. Qd8+ Kg7 39. Qxb6 c5 40. Qxa5
Qe3+ 41. Kh1 Qh6+ 42. Nh2 Qc1 43. Qd8 Qf4 44. Qe7 g5 45. Bd3 Qd2 46. Qe2 Qc1+
47. Qf1 1-0

[Event "Druzynowe Mistrzostwa Polski Seniorow - II Liga"]
[Site "Szczyrk, CKiR Orle Gniazdo ul. Wrzosowa 28a "]
[Date "1899-12-30"]
[Round "1.98"]
[White "Jaroch, Pawel"]
[Black "Luka, Krzysztof"]
[Result "1-0"]
[WhiteTitle "k"]
[BlackTitle "I"]
[WhiteElo "2206"]
[BlackElo "1904"]

1. d4 g6 2. c4 Bg7 3. Nc3 Nf6 4. Nf3 O-O 5. g3 d6 6. Bg2 Nbd7 7. O-O e5 8. e4 a5
9. h3 Re8 10. Be3 exd4 11. Nxd4 Nc5 12. Qc2 Nfd7 13. Rad1 Nf8 14. Rfe1 Nfe6 15.
Ndb5 Bd7 16. f4 Qc8 17. f5 Nd8 18. Nd5 Bxb5 19. cxb5 Be5 20. b6 Bxg3 21. Rf1 Nc6
22. Nxc7 Nb4 23. Qb1 Rb8 24. Nxe8 Qxe8 25. a3 Nc6 26. b4 axb4 27. axb4 Nd7 28.
Rf3 Be5 29. b5 Ne7 30. Rdf1 gxf5 31. exf5 Nd5 32. Bf2 N7f6 33. Qb3 Rc8 34. Rg3+
Bxg3 35. Qxg3+ Kh8 36. Bd4 Rc4 37. Ba1 Ra4 38. Qxd6 Qe3+ 39. Kh1 Qg5 40. Qxd5
1-0

[Event "Druzynowe Mistrzostwa Polski Seniorow - II Liga"]
[Site "Szczyrk, CKiR Orle Gniazdo ul. Wrzosowa 28a "]
[Date "1899-12-30"]
[Round "1.99"]
[White "Kadziela, Andrzej"]
[Black "Bokiej, Przemyslaw"]
[Result "0-1"]
[WhiteTitle "II"]
[BlackTitle "I++"]
[WhiteElo "1578"]
[BlackElo "2111"]

1. d4 e6 2. g3 d5 3. Be3 Nf6 4. f3 Nbd7 5. Bg2 c5 6. c3 cxd4 7. cxd4 Qa5+ 8. Nd2
e5 9. a3 Bd6 10. b4 Qd8 11. Nh3 O-O 12. O-O Re8 13. Rc1 a5 14. dxe5 Bxe5 15. Qb3
Bb8 16. Kh1 a4 17. Qd3 Ne5 18. Qc3 Nc6 19. Qd3 Bf5 20. Qxf5 Rxe3 21. Ng1 Rxa3
22. b5 Ne7 23. Qc2 Be5 24. Qc5 Bd6 25. Qc2 Qd7 26. Qb2 Re3 27. Bh3 Qe8 28. Qd4
Ng6 29. Rfe1 Re7 30. e4 Qxb5 31. f4 Qb4 32. Qxb4 Bxb4 33. Rc2 Nxe4 34. Re2 Bxd2
35. f5 Ne5 36. Bg2 Bg5 37. Bxe4 dxe4 38. Rxe4 Nc6 39. Rec4 a3 40. Ra2 Re1 41.
Kg2 Rb1 42. Nf3 Rb2+ 43. Rc2 Rxc2+ 44. Rxc2 a2 45. Nxg5 a1=Q 46. h4 Qd1 47. Rf2
Ra1 48. Nh3 Qh1# 0-1

[Event "Druzynowe Mistrzostwa Polski Seniorow - II Liga"]
[Site "Szczyrk, CKiR Orle Gniazdo ul. Wrzosowa 28a "]
[Date "1899-12-30"]
[Round "1.100"]
[White "Mazalon, Mariusz"]
[Black "Nowakowski, Jacek"]
[Result "1-0"]
[WhiteTitle "k"]
[BlackTitle "II+"]
[WhiteElo "2037"]
[BlackElo "1686"]

1. d4 d5 2. c4 e5 3. dxe5 d4 4. Nf3 Nc6 5. g3 Bb4+ 6. Bd2 Nge7 7. Bg2 Be6 8. Qb3
Bxd2+ 9. Nbxd2 Rb8 10. Qa4 O-O 11. O-O Nf5 12. b4 f6 13. exf6 Qxf6 14. Rac1 a6
15. b5 axb5 16. cxb5 Ra8 17. Qd1 Ne5 18. a4 Nxf3+ 19. Bxf3 c6 20. bxc6 bxc6 21.
Rxc6 Qf7 22. Qc2 Bd5 23. Rc5 d3 24. Qxd3 Bxf3 25. Nxf3 Rad8 26. Qc4 Nd6 27. Qxf7+
Nxf7 28. a5 Rde8 29. e3 Nd6 30. Kg2 Ne4 31. Re5 Rxe5 32. Nxe5 Rf5 33. f4 Nd2 34.
Rd1 Nb3 35. Rd8+ Rf8 36. Rxf8+ Kxf8 37. a6 1-0

[Event "Druzynowe Mistrzostwa Polski Seniorow - II Liga"]
[Site "Szczyrk, CKiR Orle Gniazdo ul. Wrzosowa 28a "]
[Date "1899-12-30"]
[Round "1.101"]
[White "Wasik, Roman"]
[Black "Halas, Przemyslaw"]
[Result "0-1"]
[WhiteTitle "II+"]
[BlackTitle "I++"]
[WhiteElo "1522"]
[BlackElo "1941"]

1. Nf3 e6 2. c4 Nf6 3. d4 b6 4. Nc3 Bb4 5. Bd2 O-O 6. e3 Bb7 7. Be2 a6 8. O-O d5
9. Rc1 dxc4 10. Bxc4 Nbd7 11. Qe2 b5 12. Bb3 Qe7 13. a3 Ba5 14. Nb1 Bxd2 15. Nbxd2
c5 16. dxc5 Nxc5 17. Rc3 Nfe4 18. Nxe4 Bxe4 19. Rfc1 Nxb3 20. Rxb3 Ra7 21. Nd4
Qd6 22. Rbc3 Rd7 23. f3 Bd5 24. Qc2 Qb6 25. Rc7 Rdd8 26. Qc5 Qb8 27. Qa7 Qxa7
28. Rxa7 Rd6 29. Rcc7 g6 30. Kf2 e5 31. Ne2 Bc4 32. Rd7 Rd8 33. Rxd8+ Rxd8 34.
Ke1 Rd3 35. e4 Re3 36. Rxa6 Rxe2+ 37. Kd1 Rxg2 38. a4 bxa4 39. Rxa4 Bb3+ 0-1

[Event "Druzynowe Mistrzostwa Polski Seniorow - II Liga"]
[Site "Szczyrk, CKiR Orle Gniazdo ul. Wrzosowa 28a "]
[Date "1899-12-30"]
[Round "1.102"]
[White "Miturova, Magdalena"]
[Black "Wasik, Justyna"]
[Result "1-0"]
[WhiteTitle "WFM"]
[BlackTitle "II+"]
[WhiteElo "2077"]
[BlackElo "1392"]

1. e4 d6 2. d4 g6 3. Nc3 Bg7 4. Be3 Nf6 5. f3 Nc6 6. Qd2 e5 7. d5 Ne7 8. O-O-O
O-O 9. g4 Bd7 10. h4 h5 11. gxh5 Nxh5 12. Bh3 f5 13. Bg5 f4 14. Qg2 Kf7 15. Be6+
Bxe6 16. dxe6+ Kxe6 17. Nd5 Bf6 18. Qg4+ Kf7 19. Nxf6 Nxf6 20. Bxf6 Kxf6 21. Qg5+
Kg7 22. h5 Rh8 23. Ne2 Qe8 24. hxg6 Nxg6 25. Rxh8 Qxh8 26. Rg1 Qe8 27. Nc3 c6
28. Rh1 Qe6 29. Qh6+ Kf7 30. Qh7+ Kf6 31. Qxb7 Qc8 32. Qb4 Qe6 33. Qa4 Qc8 34.
Rh7 a6 35. Qb4 Qd8 36. Qb7 Qe8 37. Qg7+ Kg5 38. Rh1 Qg8 39. Rg1+ Kh5 40. Rxg6
Qxg7 41. Rxg7 Kh4 42. b3 Rd8 43. Kd2 d5 44. Ke2 dxe4 45. Nxe4 Rh8 46. Rg1 c5 47.
Rh1# 1-0

[Event "Druzynowe Mistrzostwa Polski Seniorow - II Liga"]
[Site "Szczyrk, CKiR Orle Gniazdo ul. Wrzosowa 28a "]
[Date "1899-12-30"]
[Round "2.1"]
[White "Cyborowski, Lukasz"]
[Black "Goluch, Piotr"]
[Result "1-0"]
[WhiteTitle "GM"]
[BlackTitle "k+"]
[WhiteElo "2511"]
[BlackElo "2253"]

1. c4 Nf6 2. Nc3 g6 3. e4 d6 4. d4 Bg7 5. f3 O-O 6. Be3 Nc6 7. Nge2 a6 8. Qd2 Rb8
9. Rc1 Bd7 10. Nd1 b5 11. c5 Ne8 12. Nf2 dxc5 13. Rxc5 e5 14. d5 Ne7 15. g3 c6
16. dxc6 Bxc6 17. Nd3 Nd6 18. Nb4 Bb7 19. Nc3 f5 20. Bg5 h6 21. Nc6 Bxc6 22. Bxe7
Qxe7 23. Rxc6 Rfd8 24. Nd5 Qa7 25. Rc7 Qd4 26. Qxd4 exd4 27. Ne7+ Kh7 28. exf5
gxf5 29. Bd3 Rf8 30. Kd1 Rf7 31. Re1 Re8 32. Re2 Ref8 33. b3 Bf6 34. Nd5 Rxc7
35. Nxc7 Rc8 36. Nd5 Bg7 37. Re7 Rc5 38. Nf4 Rc3 39. Kd2 Kg8 40. Rd7 Rc6 41. Nd5
Kf8 42. Ne7 Ke8 43. Ra7 Rc5 44. Ng6 Bf6 45. Rxa6 Kd7 46. Ra7+ Kc6 47. h4 Rc3 48.
Nf4 Be5 49. Ne2 Rc5 50. Rh7 b4 51. f4 Bf6 52. Rxh6 Bg7 53. Rg6 Bh8 54. Rg8 Bf6
55. Rf8 Bg7 56. Ra8 Ne4+ 57. Ke1 Kd5 1-0

[Event "Druzynowe Mistrzostwa Polski Seniorow - II Liga"]
[Site "Szczyrk, CKiR Orle Gniazdo ul. Wrzosowa 28a "]
[Date "1899-12-30"]
[Round "2.2"]
[White "Cajbel, Maciej"]
[Black "Nurkiewicz, Maciej"]
[Result "0-1"]
[WhiteTitle "k"]
[BlackTitle "m"]
[WhiteElo "2225"]
[BlackElo "2372"]

1. e4 e5 2. Nf3 Nc6 3. Nc3 Nf6 4. a3 d5 5. Bb5 d4 6. Ne2 Bd6 7. d3 Bd7 8. O-O a6
9. Bc4 h6 10. c3 dxc3 11. bxc3 O-O 12. Ng3 Be6 13. Bxe6 fxe6 14. Qb3 Qc8 15. d4
exd4 16. Nxd4 Nxd4 17. cxd4 Bxg3 18. fxg3 Qd7 19. Be3 Qc6 20. d5 exd5 21. e5 Ng4
22. Rxf8+ Rxf8 23. Rc1 Nxe3 24. Qxe3 Qd7 25. Qc5 c6 26. Re1 Re8 27. h3 Qe7 28.
Qb6 c5 29. Rb1 Rc8 30. Qa7 c4 31. Kh2 Rc7 32. Qd4 Qc5 33. Qg4 Qe7 34. Qd4 Qc5
35. Qg4 Re7 36. Rf1 Rxe5 37. Qd7 Qe7 38. Qc8+ Kh7 39. Rf8 Qe6 40. Rh8+ Kg6 41.
Qxb7 Re3 42. Qb1+ Rd3 43. Qb8 Rb3 44. Qf4 Re3 45. h4 Re4 46. Qb8 Qe5 47. Qb6+
Kh5 48. Qf2 Rxh4+ 0-1

[Event "Druzynowe Mistrzostwa Polski Seniorow - II Liga"]
[Site "Szczyrk, CKiR Orle Gniazdo ul. Wrzosowa 28a "]
[Date "1899-12-30"]
[Round "2.3"]
[White "Protaziuk, Grzegorz"]
[Black "Jagodzinski, Piotr"]
[Result "0-1"]
[WhiteTitle "m"]
[BlackTitle "k"]
[WhiteElo "2367"]
[BlackElo "2209"]

1. e4 c6 2. c4 e5 3. Nf3 d6 4. Nc3 Nf6 5. d4 Nbd7 6. Be2 Be7 7. O-O O-O 8. Re1
Re8 9. a3 exd4 10. Nxd4 Nc5 11. Bf3 a5 12. b3 Bf8 13. Rb1 Ncd7 14. Bb2 Ne5 15.
Be2 Ng6 16. Bf1 Bg4 17. Qd2 Qb6 18. h3 Bd7 19. Ba1 Ne5 20. Nf5 Bxf5 21. exf5 Ned7
22. Na4 Qc7 23. Qf4 Qd8 24. g4 h6 25. Bg2 d5 26. Bb2 dxc4 27. bxc4 Rxe1+ 28. Rxe1
Nc5 29. Nxc5 Bxc5 30. a4 Bb4 31. Rf1 Qe7 32. Qe5 Qxe5 33. Bxe5 Nd7 34. Bd4 Bc5
35. Bb2 Nb6 36. Rb1 Nxa4 37. Be5 Bb4 38. f6 Re8 39. f4 gxf6 40. Bxf6 Re1+ 41.
Rxe1 Bxe1 42. Be4 Nb6 43. Bd3 Bd2 44. Bd4 Nd7 45. Bf5 Nf8 46. Bc8 b5 47. cxb5
cxb5 48. f5 Nh7 49. h4 Be1 50. Bd7 b4 51. Ba4 Bxh4 52. Bb6 Be7 53. Bxa5 Nf6 54.
Bd1 Nd5 55. Kf2 Kg7 56. Bb3 Nc3 57. Bb6 Bc5+ 58. Bxc5 Ne4+ 59. Ke3 Nxc5 60. Bd1
Kf6 61. Kd4 Nd7 62. Kc4 Kg5 63. Kd5 Nf6+ 64. Kd4 0-1

[Event "Druzynowe Mistrzostwa Polski Seniorow - II Liga"]
[Site "Szczyrk, CKiR Orle Gniazdo ul. Wrzosowa 28a "]
[Date "1899-12-30"]
[Round "2.4"]
[White "Szumilas, Piotr"]
[Black "Sliwerski, Radoslaw"]
[Result "1/2-1/2"]
[WhiteTitle "I++"]
[BlackTitle "k++"]
[WhiteElo "2191"]
[BlackElo "2118"]

1. e4 d6 2. d4 Nf6 3. Nc3 g6 4. Nf3 Bg7 5. Be2 O-O 6. O-O c6 7. Bf4 Nbd7 8. Qd2
Re8 9. Rad1 Qa5 10. Bg5 e5 11. d5 c5 12. Nh4 a6 13. a4 Qb4 14. Qe3 Nf8 15. Ra1
Bd7 16. a5 Qd4 17. g3 Qxe3 18. fxe3 Ng4 19. h3 h6 20. Bxg4 Bxg4 21. hxg4 hxg5
22. Nf3 Bf6 23. Nd2 Be7 24. Nc4 Nd7 25. Ra3 Kg7 26. Rb3 Rab8 27. Nd1 Nf6 28. Nf2
Rec8 29. Kg2 Ne8 30. Rh1 Bd8 31. Nd1 f6 32. Nc3 Rc7 33. Rh2 Rf7 34. Ra3 Bc7 35.
Ra1 Kf8 36. Rh8+ Ke7 37. Rah1 Rg7 38. Na4 Kf7 39. Kf3 Rg8 40. R8h7+ Rg7 41. R7h6
Ke7 42. Ke2 Rd8 43. Rd1 Bb8 44. Rd3 Bc7 45. Kf3 Rd7 46. Rh8 Kd8 47. Rb3 Bb8 48.
Rh6 Rh7 49. Rxh7 Rxh7 50. Kg2 Kc8 51. Rb6 Bc7 52. Rb3 Bb8 53. Ncb6+ Kd8 54. Nc4
1/2-1/2

[Event "Druzynowe Mistrzostwa Polski Seniorow - II Liga"]
[Site "Szczyrk, CKiR Orle Gniazdo ul. Wrzosowa 28a "]
[Date "1899-12-30"]
[Round "2.5"]
[White "Delega, Tomasz"]
[Black "Dowgird, Filip"]
[Result "0-1"]
[WhiteTitle "CM"]
[BlackTitle "k"]
[WhiteElo "2090"]
[BlackElo "2172"]

1. e4 e6 2. d4 d5 3. Nc3 Bb4 4. e5 b6 5. Qg4 Bf8 6. Bb5+ c6 7. Bd3 Ba6 8. Bxa6
Nxa6 9. Qe2 Nc7 10. Nf3 Ne7 11. h4 h5 12. Bg5 Qc8 13. Bxe7 Bxe7 14. Ng5 f6 15.
exf6 gxf6 16. Nh3 Kd7 17. Nf4 Qe8 18. O-O-O Bd6 19. Qf3 Qf8 20. Kb1 Qh6 21. Nce2
Rae8 22. Rhe1 e5 23. dxe5 fxe5 24. Nh3 Rhf8 25. Qb3 b5 26. Qc3 Qf6 27. g3 Qf5
28. Neg1 Qg4 29. Rf1 Rf5 30. Qe3 a5 31. Ng5 a4 32. a3 b4 33. axb4 Qxb4 34. Qc3
Qxc3 35. bxc3 Nb5 36. Ne2 Na3+ 37. Ka2 Nc4 38. Nc1 e4 39. Ne2 c5 40. Nh3 Rb8 41.
Rb1 Kc6 42. Rxb8 Bxb8 43. Nhf4 Be5 44. Rd1 Bc7 45. Rf1 Be5 46. Rd1 Nb6 47. Ka3
Rf7 48. Ka2 Rh7 49. Ka3 Nc4+ 50. Ka2 Rb7 51. Rxd5 Rb2+ 52. Ka1 Rxc2 53. Rd8 Kb5
54. Rd5 Kc6 55. Rd8 a3 56. Ra8 Kb5 57. Re8 Nd2 58. Nd4+ Bxd4 59. Rb8+ Kc4 60.
cxd4 Nb3+ 0-1

[Event "Druzynowe Mistrzostwa Polski Seniorow - II Liga"]
[Site "Szczyrk, CKiR Orle Gniazdo ul. Wrzosowa 28a "]
[Date "1899-12-30"]
[Round "2.6"]
[White "Palka, Dominika"]
[Black "Bartel, Marta"]
[Result "0-1"]
[WhiteTitle "I"]
[BlackTitle "WGM"]
[WhiteElo "1775"]
[BlackElo "2379"]

1. d4 g6 2. c4 Bg7 3. e4 c5 4. d5 e5 5. Nc3 d6 6. Bd3 Ne7 7. Nge2 O-O 8. Bd2 f5
9. f3 Nd7 10. Qc1 Nf6 11. Bh6 f4 12. Bg5 a6 13. a4 Bd7 14. Nd1 Rb8 15. Nec3 Nh5
16. Bh4 h6 17. Kd2 g5 18. Be1 Nf6 19. Qc2 Ng6 20. Kc1 h5 21. b3 g4 22. Bf1 Nh7
23. h3 gxf3 24. gxf3 Nh4 25. Qf2 Bf6 26. Ra2 Kh8 27. Qe2 Rg8 28. Qd3 Qe7 29. Nf2
Rg3 30. Qe2 Nxf3 31. Nd3 Nxe1 32. Qxe1 Rbg8 33. Qd1 h4 34. Ne2 Re3 35. b4 Rxe4
36. bxc5 Rxc4+ 37. Rc2 Bxa4 38. Rxc4 Bxd1 39. Kxd1 dxc5 40. Rxc5 e4 41. Nexf4
exd3 42. Rc8 Rxc8 0-1

[Event "Druzynowe Mistrzostwa Polski Seniorow - II Liga"]
[Site "Szczyrk, CKiR Orle Gniazdo ul. Wrzosowa 28a "]
[Date "1899-12-30"]
[Round "2.7"]
[White "Szczepkowska-horowska, Karina"]
[Black "Koziak, Vitali"]
[Result "1-0"]
[WhiteTitle "WGM"]
[BlackTitle "IM"]
[WhiteElo "2377"]
[BlackElo "2472"]

1. e4 e5 2. Nf3 Nc6 3. Bc4 Nf6 4. d3 Bc5 5. Nbd2 O-O 6. O-O d6 7. c3 a6 8. Bb3
Ba7 9. Re1 Be6 10. Nf1 Qd7 11. Ng3 Rae8 12. h3 Bxb3 13. Qxb3 Qc8 14. Nh4 Ne7 15.
Bg5 Nd7 16. Bxe7 Rxe7 17. Nhf5 Re6 18. d4 Nf6 19. d5 Ree8 20. Qd1 Kh8 21. Rc1
g6 22. Ne3 h5 23. Qf3 Nh7 24. b4 Qd8 25. Qe2 Qh4 26. c4 Qf4 27. c5 h4 28. Ngf1
Nf6 29. Nd2 Re7 30. Rc4 b5 31. cxb6 Bxb6 32. Rec1 Nh5 33. Ndf1 Qh6 34. a4 a5 35.
bxa5 Bxa5 36. R4c2 f5 37. exf5 gxf5 38. Qb5 Bb6 39. a5 Bd4 40. Rxc7 Ree8 41. Qd7
Qg6 42. R1c6 Bc5 43. Rb7 Rd8 44. Qe7 Nf6 45. Rxc5 dxc5 46. Qxe5 Rde8 47. Qf4 Nh7
48. Nd2 Rg8 49. Ndf1 Re4 50. Qxf5 Ng5 51. Qd7 Nf3+ 52. Kh1 Ne5 53. Qc7 Nd3 54.
f3 Ree8 55. Rb6 Qg5 56. Ng4 Nf2+ 57. Kg1 Nxg4 58. hxg4 h3 59. gxh3 Re2 60. Qxc5
Rg7 61. Qc4 Re1 62. Rb8+ Kh7 63. Qd3+ Qg6 64. Qxg6+ Rxg6 65. Kf2 Ra1 66. Ra8 Ra2+
67. Ke3 Rd6 68. Ke4 Re2+ 69. Ne3 Rd7 70. Kf4 Rd2 71. a6 Ra2 72. a7 Ra4+ 73. Kg3
Ra3 74. Nc4 Raxa7 75. Rxa7 Rxa7 76. d6 Kg7 77. Kf4 Kf6 78. Ke4 Ke6 79. f4 Ra1
80. f5+ Kd7 81. Ke5 Re1+ 82. Kf6 Re4 83. Ne5+ Kxd6 84. Nf7+ Kd7 85. g5 Ra4 86.
g6 Ke8 87. Kg5 Kf8 88. h4 1-0

[Event "Druzynowe Mistrzostwa Polski Seniorow - II Liga"]
[Site "Szczyrk, CKiR Orle Gniazdo ul. Wrzosowa 28a "]
[Date "1899-12-30"]
[Round "2.8"]
[White "Zeberski, Jakub"]
[Black "Smolka, Marcin"]
[Result "1-0"]
[WhiteTitle "IM"]
[BlackTitle "k"]
[WhiteElo "2329"]
[BlackElo "1977"]

1. Nf3 d5 2. c4 e6 3. g3 Nf6 4. Bg2 Bd6 5. d4 c6 6. O-O O-O 7. Nfd2 e5 8. cxd5
cxd5 9. dxe5 Bxe5 10. Nf3 Bc7 11. Nc3 Ba5 12. Bg5 Bxc3 13. bxc3 Nc6 14. Nd4 Be6
15. Rb1 Na5 16. Rb5 Rc8 17. Bxf6 gxf6 18. e4 a6 19. Rb4 dxe4 20. Bxe4 f5 21. Bxb7
Nxb7 22. Rxb7 Rxc3 23. Nxe6 fxe6 24. Qe2 Rc6 25. Rd1 Rd6 26. Rxd6 Qxd6 27. Qh5
1-0

[Event "Druzynowe Mistrzostwa Polski Seniorow - II Liga"]
[Site "Szczyrk, CKiR Orle Gniazdo ul. Wrzosowa 28a "]
[Date "1899-12-30"]
[Round "2.9"]
[White "Koziol, Kamil"]
[Black "Rutkowski, Maciej"]
[Result "1/2-1/2"]
[WhiteTitle "I++"]
[BlackTitle "IM"]
[WhiteElo "2109"]
[BlackElo "2381"]

1. d4 d5 2. c4 c6 3. Nc3 Nf6 4. Nf3 a6 5. a4 e6 6. Bg5 Qa5 7. Nd2 Bb4 8. Rc1 Nbd7
9. e3 O-O 10. Be2 c5 11. O-O cxd4 12. Nb3 Qb6 13. exd4 dxc4 14. Bxc4 Bxc3 15.
bxc3 Qc6 16. Nd2 b5 17. Be2 Bb7 18. Bf3 Qb6 19. Rb1 Bxf3 20. Qxf3 Qa5 21. axb5
axb5 22. Nb3 Qc7 23. Nc5 Nxc5 24. Bxf6 Nd7 25. Be7 Rfc8 26. Rxb5 Qxc3 27. Qxc3
Rxc3 28. d5 exd5 29. Rxd5 Nf8 30. Bg5 Ne6 31. Be3 h6 32. g3 Rca3 33. Kg2 Ra1 34.
Rxa1 Rxa1 35. h4 Ra8 36. h5 Rd8 37. Rxd8+ Nxd8 38. Kf3 f6 39. Ke4 Kf7 40. Bc1
Ne6 41. Be3 1/2-1/2

[Event "Druzynowe Mistrzostwa Polski Seniorow - II Liga"]
[Site "Szczyrk, CKiR Orle Gniazdo ul. Wrzosowa 28a "]
[Date "1899-12-30"]
[Round "2.10"]
[White "Dobrowolski, Aleksander"]
[Black "Matuszczyk, Przemyslaw"]
[Result "1-0"]
[WhiteTitle "m"]
[BlackTitle "I++"]
[WhiteElo "2248"]
[BlackElo "2065"]

1. e4 c5 2. Nf3 d6 3. d4 cxd4 4. Nxd4 Nf6 5. Nc3 Nc6 6. Bg5 e6 7. Qd2 a6 8. O-O-O
h6 9. Be3 Bd7 10. f3 Qc7 11. g4 Nxd4 12. Bxd4 Bc6 13. Qe3 Be7 14. h4 b5 15. Bd3
b4 16. Ne2 e5 17. Bb6 Qb7 18. g5 Nd7 19. Ba5 d5 20. exd5 Bxd5 21. g6 f6 22. Be4
Bxe4 23. fxe4 Nc5 24. Ng3 Rc8 25. Kb1 Qb5 26. Nf5 Bf8 27. Qh3 Qc6 28. Bxb4 Nxe4
29. Nd6+ Bxd6 30. Bxd6 Nxd6 31. Qe6+ Kf8 32. Qxd6+ Qxd6 33. Rxd6 Ke7 34. Rxa6
Rhd8 35. a4 f5 36. b4 Rd6 37. Ra7+ Kf6 38. h5 Rf8 39. b5 f4 40. Rf1 Kg5 41. Rxg7
Kxh5 42. Rf7 Rxf7 43. gxf7 Rf6 44. a5 Rxf7 45. b6 e4 46. a6 1-0

[Event "Druzynowe Mistrzostwa Polski Seniorow - II Liga"]
[Site "Szczyrk, CKiR Orle Gniazdo ul. Wrzosowa 28a "]
[Date "1899-12-30"]
[Round "2.11"]
[White "Bitman, Marek"]
[Black "Pankiewicz, Tomasz"]
[Result "1/2-1/2"]
[WhiteTitle "I++"]
[BlackTitle "k"]
[WhiteElo "1988"]
[BlackElo "2268"]

1. Nf3 d5 2. g3 Nf6 3. Bg2 Bf5 4. d3 e6 5. O-O Nbd7 6. b3 Be7 7. Bb2 O-O 8. Nbd2
h6 9. c4 c6 10. Qc2 a5 11. cxd5 exd5 12. a4 Bh7 13. Rfe1 Re8 14. Rad1 Qb6 15.
Bd4 Bc5 16. Bxc5 Nxc5 17. Rc1 Na6 18. Qc3 Re7 19. d4 Rae8 20. e3 Nb4 21. Bf1 Nd7
22. Qb2 Bd3 23. Rc3 Qa6 24. Ra1 Bxf1 25. Rxf1 Re6 26. Qb1 Rf6 27. Kg2 g6 28. Re1
Rfe6 29. Rg1 Kg7 30. Qf1 Qb6 31. Qb1 f5 32. Ne1 Nf6 33. Nd3 Ne4 34. Nxe4 fxe4
35. Nxb4 Qxb4 36. Rgc1 Rf8 37. Qb2 Ref6 38. R1c2 h5 39. Re2 h4 40. Rc1 Qd6 41.
Qd2 Qd7 42. Qd1 Rh8 43. Kg1 Rf3 44. Qf1 hxg3 45. hxg3 Rf5 46. Qg2 Rfh5 47. f3
exf3 48. Qxf3 Qh3 49. Rf1 Rf5 50. Qg2 Rxf1+ 51. Kxf1 Qh1+ 52. Qxh1 Rxh1+ 53. Kf2
Rb1 54. e4 dxe4 55. Rxe4 Rxb3 56. Re5 b5 57. Rc5 Rb4 58. d5 cxd5 59. axb5 d4 60.
b6 a4 61. Ra5 Kf6 62. b7 Rxb7 63. Rxa4 Ke5 64. Ra6 g5 65. Ra5+ Kf6 66. Rd5 Rb2+
67. Kf3 Rb3+ 68. Ke4 Rxg3 69. Rd6+ Kg7 70. Kxd4 Rg1 71. Ke3 1/2-1/2

[Event "Druzynowe Mistrzostwa Polski Seniorow - II Liga"]
[Site "Szczyrk, CKiR Orle Gniazdo ul. Wrzosowa 28a "]
[Date "1899-12-30"]
[Round "2.12"]
[White "Starczewska, Dominika"]
[Black "Dziodzio, Angelika"]
[Result "1/2-1/2"]
[WhiteTitle "k"]
[BlackTitle "k"]
[WhiteElo "2008"]
[BlackElo "1991"]

1. e4 c5 2. b3 d6 3. Bb2 Nf6 4. Nc3 g6 5. Nd5 Bg7 6. Nxf6+ exf6 7. Bc4 O-O 8. Ne2
Qe7 9. Bd5 f5 10. Bxg7 Kxg7 11. exf5 Bxf5 12. O-O Nc6 13. Ng3 Be6 14. Bxc6 bxc6
15. d4 c4 16. Qe2 f5 17. Rfe1 Rfe8 18. bxc4 Qf7 19. Qf3 Bxc4 20. Qxc6 d5 21. Nf1
Rac8 22. Qa4 a6 23. Nd2 Bb5 24. Qb3 Rxe1+ 25. Rxe1 Re8 26. Re5 Rxe5 27. dxe5 Qc7
28. Nf3 Bc4 29. Qb2 Kf7 30. Ng5+ Ke8 31. e6 Qf4 32. h4 h6 33. Qh8+ Ke7 34. Qg7+
Kd6 35. Qd7+ Kc5 36. Qa7+ Kb4 37. Nh3 Qc1+ 38. Kh2 Qe1 39. Qd7 Qe5+ 40. Kg1 Qe1+
41. Kh2 Qe5+ 42. Kg1 Qe1+ 43. Kh2 Qe5+ 44. f4 Qe1 45. e7 Bb5 1/2-1/2

[Event "Druzynowe Mistrzostwa Polski Seniorow - II Liga"]
[Site "Szczyrk, CKiR Orle Gniazdo ul. Wrzosowa 28a "]
[Date "1899-12-30"]
[Round "2.13"]
[White "Licznerski, Lukasz"]
[Black "Luch, Michal"]
[Result "0-1"]
[WhiteTitle "FM"]
[BlackTitle "IM"]
[WhiteElo "2360"]
[BlackElo "2423"]

1. e4 c5 2. Nf3 Nc6 3. Nc3 e6 4. d4 cxd4 5. Nxd4 Qc7 6. Be2 a6 7. O-O Nf6 8. Be3
Bb4 9. Na4 O-O 10. Nxc6 bxc6 11. Nb6 Rb8 12. Nxc8 Rfxc8 13. Bxa6 Rf8 14. Bd3 Bd6
15. g3 Be5 16. Rb1 Bxb2 17. Qd2 Ng4 18. Bc5 d6 19. c3 dxc5 20. Rxb2 Rfd8 21. Rxb8
Qxb8 22. Qc2 h5 23. Be2 Qe5 24. Rd1 Ra8 25. Bxg4 hxg4 26. a4 g6 27. Ra1 c4 28.
Ra3 Kg7 29. Qd1 Qxe4 30. a5 Ra6 31. Ra4 c5 32. Qf1 Qa8 33. Qa1 Qd8 34. Ra2 Rd6
0-1

[Event "Druzynowe Mistrzostwa Polski Seniorow - II Liga"]
[Site "Szczyrk, CKiR Orle Gniazdo ul. Wrzosowa 28a "]
[Date "1899-12-30"]
[Round "2.14"]
[White "Butkiewicz, Lukasz"]
[Black "Jaroch, Pawel"]
[Result "1-0"]
[WhiteTitle "IM"]
[BlackTitle "k"]
[WhiteElo "2429"]
[BlackElo "2206"]

1. f4 Nf6 2. Nf3 d5 3. g3 g6 4. Bg2 Bg7 5. O-O O-O 6. d3 c5 7. Na3 Nc6 8. c3 d4
9. c4 Rb8 10. Bd2 b6 11. Nc2 Bb7 12. a3 e6 13. b4 Nd7 14. Qe1 Qc7 15. Rd1 Rbe8
16. e4 dxe3 17. Bxe3 e5 18. f5 gxf5 19. Nh4 f4 20. gxf4 Nd4 21. Bxd4 exd4 22.
Qg3 Kh8 23. Bxb7 Qxb7 24. Nf5 Be5 25. Qg2 Rg8 26. Ng3 Qxg2+ 27. Kxg2 Bd6 28. Kf3
Nf6 29. Ne4 Nxe4 30. dxe4 f5 31. e5 Be7 32. Rg1 Rxg1 33. Rxg1 d3 34. Ne3 cxb4
35. axb4 Bxb4 36. Nxf5 Rf8 37. Ne3 d2 38. Nd5 Ba5 39. e6 Re8 40. f5 a6 41. Nf6
1-0

[Event "Druzynowe Mistrzostwa Polski Seniorow - II Liga"]
[Site "Szczyrk, CKiR Orle Gniazdo ul. Wrzosowa 28a "]
[Date "1899-12-30"]
[Round "2.15"]
[White "Bokiej, Przemyslaw"]
[Black "Krzyzanowski, Marcin"]
[Result "1/2-1/2"]
[WhiteTitle "I++"]
[BlackTitle "m"]
[WhiteElo "2111"]
[BlackElo "2347"]

1. Nf3 Nf6 2. g3 d5 3. Bg2 c6 4. O-O Bf5 5. d4 e6 6. c4 Nbd7 7. Nbd2 h6 8. b3 Be7
9. Bb2 O-O 10. Ne5 Qc7 11. Nxd7 Qxd7 12. f3 c5 13. e4 dxe4 14. fxe4 Bg4 15. Qe1
cxd4 16. e5 Nh7 17. Qe4 Bg5 18. Qxg4 Bxd2 19. Qe4 Be3+ 20. Kh1 Rab8 21. Rad1 Rfd8
22. Rfe1 f5 23. Qh4 Qe8 24. g4 f4 25. Qh5 Qe7 26. h4 Nf8 27. Be4 f3 28. g5 f2
29. Rf1 hxg5 30. hxg5 Qxg5 31. Qxg5 Bxg5 32. Rxd4 Be3 33. Rxd8 Rxd8 34. Bxb7 Rd7
35. Be4 g5 36. Kg2 Rf7 37. b4 Rf4 38. Bd3 Nd7 39. a3 Nb6 40. Bc1 Rg4+ 41. Kf3
Bxc1 42. Kxg4 Bxa3 43. Kxg5 Bxb4 44. Rxf2 Nd7 45. Kf4 a5 46. Bc2 Bc3 47. Re2 Kf7
48. Ba4 Nc5 49. Bb5 Nd3+ 50. Ke4 Nc5+ 51. Kf4 Nd3+ 52. Ke4 1/2-1/2